[Event "Lazy PERLA BALTYKU"]
[Site "Lazy"]
[Date "2016.06.28"]
[Round "3.2"]
[White "Krainski, Aleksander"]
[Black "Shishkin, Vadim"]
[Result "1/2-1/2"]
[WhiteElo "2141"]
[BlackElo "2459"]
[PlyCount "89"]
[EventDate "2016.??.??"]

1. e4 c5 2. Nf3 Nc6 3. d4 cxd4 4. Nxd4 Nf6 5. Nc3 d6 6. Be2 e5 7. Nf3 h6 8. O-O
Be7 9. h3 O-O 10. Re1 Be6 11. Bf1 Nb8 12. Nd5 Nxd5 13. exd5 Bf5 14. c4 Nd7 15.
Bd3 Bxd3 16. Qxd3 f5 17. Qe2 Bf6 18. Be3 b6 19. Rab1 a5 20. a3 a4 21. Qc2 f4
22. Bd2 Nc5 23. Bc3 g5 24. Nd2 Ra7 25. Bb4 Kg7 26. Bxc5 bxc5 27. b4 axb3 28.
Rxb3 Qd7 29. Reb1 Be7 30. Ne4 h5 31. Rb6 Qf5 32. Qe2 g4 33. R1b3 f3 34. Qe3
gxh3 35. Qxf3 Qxf3 36. gxf3 Ra4 37. Rc3 Rd8 38. Kh2 Rda8 39. Rbb3 Kf7 40. Kxh3
R4a7 41. Ng3 Kg6 42. Ne4 Kf5 43. Ng3+ Kg6 44. Ne4 Kf5 45. Ng3+ 1/2-1/2

[Event "Lazy PERLA BALTYKU"]
[Site "Lazy"]
[Date "2016.06.28"]
[Round "3.3"]
[White "Jarmula, Lukasz"]
[Black "Chomczyk, Marek"]
[Result "1-0"]
[WhiteElo "2447"]
[BlackElo "2167"]
[PlyCount "99"]
[EventDate "2016.??.??"]

1. e4 e5 2. Nf3 Nc6 3. Bb5 Nf6 4. O-O Nxe4 5. d4 Nd6 6. Bxc6 dxc6 7. dxe5 Nf5
8. Qxd8+ Kxd8 9. Nc3 Ke8 10. h3 h6 11. g4 Ne7 12. Nh2 g5 13. Ne4 Bg7 14. f4
gxf4 15. Bxf4 Ng6 16. Bg3 Be6 17. Nf6+ Ke7 18. h4 h5 19. gxh5 Nf8 20. Bf4 Nd7
21. Bg5 Kf8 22. Nf3 Bxf6 23. exf6 Nc5 24. h6 Bd5 25. Rae1 Ne6 26. Ne5 b5 27. a4
Rd8 28. Kh2 a5 29. Rg1 Nd4 30. Be3 Nf5 31. Bc5+ Nd6 32. axb5 cxb5 33. Rd1 Be6
34. Nc6 Rd7 35. Ne7 Rxe7 36. fxe7+ Kxe7 37. Be3 Nf5 38. Bg5+ f6 39. Bf4 Nxh6
40. Rg7+ Nf7 41. Kg3 Bf5 42. Rd5 Bxc2 43. Rc5 Bb3 44. Rxc7+ Kf8 45. Rg6 Rh5 46.
Rxf6 Kg7 47. Bg5 Kg8 48. Kg4 Bd1+ 49. Kf5 Nxg5 50. Kg6 1-0

[Event "Lazy PERLA BALTYKU"]
[Site "Lazy"]
[Date "2016.06.28"]
[Round "3.4"]
[White "Lewtak, Damian"]
[Black "Koaskowski, Jakub"]
[Result "1/2-1/2"]
[WhiteElo "2323"]
[BlackElo "2122"]
[PlyCount "134"]
[EventDate "2016.??.??"]

1. d4 Nf6 2. c4 g6 3. Nc3 d5 4. Nf3 Bg7 5. e3 O-O 6. Be2 c5 7. dxc5 Qa5 8. O-O
dxc4 9. Qd4 Nfd7 10. Qxc4 Qxc5 11. Qh4 Nc6 12. Rd1 Nf6 13. h3 e5 14. e4 Nh5 15.
Nd5 h6 16. b4 Nxb4 17. Ba3 a5 18. Rac1 Qa7 19. g4 Nf4 20. Nxf4 exf4 21. Bxb4
axb4 22. Bc4 Qb6 23. g5 h5 24. Qxf4 Ra3 25. Bb3 Be6 26. Ne5 Bxb3 27. axb3 Qe6
28. Nd7 Re8 29. Rd3 Qxe4 30. Qxe4 Rxe4 31. Rc8+ Kh7 32. Nf8+ Bxf8 33. Rxf8 Ra5
34. Rxf7+ Kg8 35. Rxb7 Rxg5+ 36. Kf1 Rf5 37. Rd8+ Rf8 38. Rdd7 Rf6 39. Kg2 Ref4
40. Rd8+ Rf8 41. Rxf8+ Kxf8 42. Kg3 Rd4 43. f3 h4+ 44. Kf2 Rd2+ 45. Ke3 Rh2 46.
Rxb4 Rxh3 47. Rg4 Rh2 48. Rxg6 Rb2 49. Rb6 h3 50. Rh6 Rxb3+ 51. Kf4 Rb4+ 52.
Kg5 Rb5+ 53. Kg4 Rb4+ 54. Kxh3 Kg7 55. Ra6 Kf7 56. Kg3 Kg7 57. f4 Kf7 58. Ra5
Kg6 59. Kg4 Rb6 60. Rg5+ Kf6 61. Rh5 Kg6 62. f5+ Kg7 63. Rg5+ Kf7 64. Kh5 Ra6
65. Rg1 Rb6 66. Kg5 Ra6 67. Rb1 Rc6 1/2-1/2

[Event "Lazy PERLA BALTYKU"]
[Site "Lazy"]
[Date "2016.06.28"]
[Round "3.5"]
[White "Mielczarski, Miroslaw"]
[Black "Nowak, Kamil"]
[Result "1-0"]
[WhiteElo "2107"]
[BlackElo "2313"]
[PlyCount "120"]
[EventDate "2016.??.??"]

1. c4 Nf6 2. Nc3 e6 3. d4 d5 4. cxd5 exd5 5. Bg5 c6 6. e3 Bf5 7. Bd3 Bxd3 8.
Qxd3 Be7 9. Nf3 Nbd7 10. O-O O-O 11. Rab1 a5 12. Bf4 Nh5 13. Be5 f6 14. Bg3
Nxg3 15. hxg3 Re8 16. b3 g6 17. Rbc1 Bb4 18. Rc2 Qe7 19. a4 Kg7 20. Ne2 Nb6 21.
Nf4 Nc8 22. Qd1 Nd6 23. Nd2 f5 24. Nd3 Ne4 25. Nf3 Bd6 26. Nfe5 Bxe5 27. Nxe5
Qa3 28. Qa1 Qxa1 29. Rxa1 Ra6 30. Kf1 Rb6 31. Rb1 Ra8 32. Ke2 Raa6 33. g4 fxg4
34. Nxg4 Rb4 35. f3 Nd6 36. Rc5 Rab6 37. Rxa5 Rxb3 38. Rxb3 Rxb3 39. Ne5 Rb2+
40. Kd3 Rxg2 41. Ra8 Ra2 42. Rd8 Ra3+ 43. Kd2 Nc4+ 44. Nxc4 dxc4 45. Rd7+ Kf6
46. Rxb7 Rxa4 47. Rxh7 Ra2+ 48. Kc3 Ra3+ 49. Kxc4 Rxe3 50. Rc7 Rxf3 51. Rxc6+
Ke7 52. Rxg6 Kd7 53. Kc5 Rf5+ 54. d5 Rh5 55. Rg7+ Kd8 56. Kc6 Rh1 57. Rg8+ Ke7
58. d6+ Ke6 59. Re8+ Kf7 60. d7 Rc1+ 1-0

[Event "Lazy PERLA BALTYKU"]
[Site "Lazy"]
[Date "2016.06.28"]
[Round "3.6"]
[White "Wacior, Maciej"]
[Black "Karbowiak, Adam"]
[Result "1-0"]
[WhiteElo "2037"]
[BlackElo "2128"]
[PlyCount "79"]
[EventDate "2016.??.??"]

1. d4 g6 2. Nf3 Bg7 3. Bf4 Nf6 4. e3 O-O 5. h3 d6 6. Bc4 Nc6 7. c3 Nd7 8. a4 e5
9. Bh2 Kh8 10. Nbd2 f5 11. O-O h6 12. a5 g5 13. b4 f4 14. b5 Ne7 15. Nxg5 Qe8
16. Ne6 Qg6 17. Nxf8 Nxf8 18. Kh1 Nf5 19. Bd3 Nxe3 20. Bxg6 Nxd1 21. Raxd1 Nxg6
22. Nb3 Bf5 23. Rd2 e4 24. Re1 d5 25. Nc5 b6 26. Na6 Rc8 27. Nb4 Be6 28. Nc6
bxa5 29. Ra2 Bf6 30. Rxa5 Bh4 31. Bg1 f3 32. gxf3 Bxh3 33. fxe4 Nf4 34. Bh2 Nd3
35. Be5+ Kh7 36. Rg1 h5 37. Rg7+ Kh6 38. Rf7 Nxf2+ 39. Kh2 Be6 40. Bf4+ 1-0

[Event "Lazy PERLA BALTYKU"]
[Site "Lazy"]
[Date "2016.06.28"]
[Round "3.7"]
[White "Zaninotto, Franco"]
[Black "Bilguun, Sumiya"]
[Result "0-1"]
[WhiteElo "2127"]
[BlackElo "2395"]
[PlyCount "74"]
[EventDate "2016.??.??"]

1. e4 c5 2. Nf3 d6 3. d4 cxd4 4. Qxd4 a6 5. Be2 Nc6 6. Qe3 Nf6 7. h3 e6 8. O-O
Qc7 9. c4 Be7 10. Nc3 O-O 11. Rd1 b6 12. b3 Bb7 13. Bb2 Rad8 14. Rac1 Ne5 15.
Nd4 Ned7 16. f4 g6 17. Kh1 Qb8 18. Bf3 Ba8 19. f5 e5 20. Nde2 Kg7 21. g4 h6 22.
Rc2 Nh7 23. Bg2 b5 24. cxb5 axb5 25. Bc1 Bg5 26. Qf2 Ndf6 27. Bf3 Bxc1 28.
Rcxc1 Ng5 29. Qg2 b4 30. Nd5 Bxd5 31. exd5 e4 32. Bxe4 Ngxe4 33. fxg6 Kxg6 34.
Nd4 Rde8 35. Qf3 Qa8 36. Qf5+ Kg7 37. Rc6 Ng3+ 0-1

[Event "Lazy PERLA BALTYKU"]
[Site "Lazy"]
[Date "2016.06.28"]
[Round "3.8"]
[White "Kocheev, Alekandr"]
[Black "Grabowski, Jakub"]
[Result "1-0"]
[WhiteElo "2345"]
[BlackElo "2102"]
[PlyCount "67"]
[EventDate "2016.??.??"]

1. e4 c5 2. Nf3 e6 3. b3 d6 4. Bb2 Nf6 5. Bb5+ Nbd7 6. e5 dxe5 7. Nxe5 Be7 8.
Qf3 Rb8 9. Na3 O-O 10. Qg3 Ne4 11. Qe3 Nef6 12. Bd3 Nd5 13. Qh3 N7f6 14. Qg3
Bd7 15. O-O a6 16. Qh4 h6 17. c4 Nb4 18. Bb1 Nc6 19. Qg3 Rc8 20. Nc2 Qc7 21. f4
Rfd8 22. Ne3 Nd4 23. Bd3 Bc6 24. N3g4 Nxg4 25. Nxg4 Kh8 26. Rae1 b5 27. Qh3 Bf8
28. Ne5 Be8 29. f5 Bd6 30. Ng4 Bf4 31. f6 e5 32. fxg7+ Kxg7 33. Rxf4 exf4 34.
Qxh6+ 1-0

[Event "Lazy PERLA BALTYKU"]
[Site "Lazy"]
[Date "2016.06.28"]
[Round "3.9"]
[White "Nowak, Mikolaj"]
[Black "Kaczmarek, Arkadiusz"]
[Result "0-1"]
[WhiteElo "2091"]
[BlackElo "2325"]
[PlyCount "74"]
[EventDate "2016.??.??"]

1. d4 c5 2. d5 e6 3. e4 d6 4. Nc3 a6 5. a4 Ne7 6. Bg5 h6 7. Bh4 e5 8. Bd3 g5 9.
Bg3 Ng6 10. Nf3 Nf4 11. Bxf4 exf4 12. Qe2 Bg7 13. Nd2 Nd7 14. h4 Ne5 15. hxg5
Qxg5 16. O-O-O Bg4 17. f3 Bd7 18. Rdf1 h5 19. b3 h4 20. Ncb1 Bf6 21. Na3 b5 22.
axb5 axb5 23. Nxb5 Ke7 24. Nc3 Rhb8 25. Ncb1 Ra1 26. Kd1 Rba8 27. Bb5 R8a2 28.
Bxd7 Nxd7 29. Qf2 Qe5 30. Ke2 Rxc2 31. Rc1 Rxc1 32. Rxc1 Qb2 33. Kd1 Ne5 34.
Qe2 Qd4 35. Qf1 Nd3 36. Rc2 Nb4 37. Rc4 Rxb1+ 0-1

[Event "Lazy PERLA BALTYKU"]
[Site "Lazy"]
[Date "2016.06.28"]
[Round "3.10"]
[White "Marczuk, Dominik"]
[Black "Antolak, Julia"]
[Result "1-0"]
[WhiteElo "2298"]
[BlackElo "2073"]
[PlyCount "57"]
[EventDate "2016.??.??"]

1. f4 d5 2. Nf3 g6 3. g3 Bg7 4. Bg2 Nf6 5. O-O O-O 6. d3 c5 7. Qe1 Nc6 8. c3 b6
9. h3 Qc7 10. Na3 e6 11. g4 Ba6 12. Qh4 Rac8 13. Rf2 b5 14. Bd2 Rfe8 15. Nc2
Nd7 16. f5 exf5 17. gxf5 Nce5 18. Nxe5 Qxe5 19. Raf1 f6 20. Bf4 Qxf5 21. Ne3
Qh5 22. Bxd5+ Kh8 23. Qxh5 gxh5 24. Nf5 Nb6 25. Bf3 Re6 26. Bxh5 Nd5 27. Nxg7
Kxg7 28. Bg4 Nxf4 29. Rxf4 1-0

[Event "Lazy PERLA BALTYKU"]
[Site "LAZY"]
[Date "2016.06.28"]
[Round "3.11"]
[White "Zaleski, Lukasz"]
[Black "Swicarz, Maciej"]
[Result "1-0"]
[WhiteElo "2080"]
[BlackElo "2292"]
[PlyCount "87"]
[EventDate "2016.??.??"]

1. e4 c6 2. d4 d5 3. Nd2 dxe4 4. Nxe4 Nf6 5. Nxf6+ exf6 6. c3 Bd6 7. Bd3 Be6 8.
Ne2 Qc7 9. Ng3 g6 10. Bh6 f5 11. Qd2 Nd7 12. O-O Nb6 13. Rfe1 O-O-O 14. Bg5
Rde8 15. Bf6 Rhg8 16. Be5 h5 17. Qg5 Nd5 18. Rad1 Qe7 19. Bxd6 Qxd6 20. Bf1 f6
21. Qd2 h4 22. Ne2 g5 23. c4 Nc7 24. Nc3 Rd8 25. Qc2 Kb8 26. d5 Bc8 27. Bd3 h3
28. Bxf5 hxg2 29. Bxc8 Rh8 30. h3 Rxc8 31. Qf5 Qc5 32. Ne4 Qa5 33. b4 Qxa2 34.
d6 Na6 35. d7 Rcd8 36. Nd6 Rhf8 37. Re8 Qb3 38. Rde1 Qxb4 39. Nf7 Qxe1+ 40.
Rxe1 Rxf7 41. Re8 Kc7 42. Qa5+ b6 43. Qxa6 Kxd7 44. Re3 1-0

[Event "Lazy PERLA BALTYKU"]
[Site "LAZY"]
[Date "2016.06.28"]
[Round "3.12"]
[White "Sliwicki, Damian"]
[Black "Sliwicka, Alicja"]
[Result "1/2-1/2"]
[WhiteElo "2242"]
[BlackElo "2041"]
[PlyCount "32"]
[EventDate "2016.??.??"]

1. d4 Nf6 2. c4 e5 3. dxe5 Ng4 4. Bf4 Bb4+ 5. Nd2 d6 6. exd6 Qf6 7. e3 Nxf2 8.
Kxf2 g5 9. Ne4 Qxb2+ 10. Ne2 gxf4 11. Qd4 fxe3+ 12. Kxe3 Qxd4+ 13. Nxd4 Bxd6
14. Nxd6+ cxd6 15. Nb5 Na6 16. Nxd6+ Ke7 1/2-1/2

[Event "Lazy PERLA BALTYKU"]
[Site "LAZY"]
[Date "2016.06.28"]
[Round "3.13"]
[White "Buraczewski, Rafal"]
[Black "Juhnke, Juergen"]
[Result "1/2-1/2"]
[WhiteElo "2032"]
[BlackElo "2219"]
[PlyCount "101"]
[EventDate "2016.??.??"]

1. d4 Nf6 2. Nf3 g6 3. c4 Bg7 4. Nc3 O-O 5. Bg5 c5 6. e3 cxd4 7. Nxd4 Nc6 8.
Nb3 a5 9. Be2 a4 10. Nd2 Qa5 11. Bxf6 Bxf6 12. Nde4 Bg7 13. Qd5 a3 14. Qxa5
Rxa5 15. O-O-O f5 16. Nd2 axb2+ 17. Kxb2 Bxc3+ 18. Kxc3 Rxa2 19. Ra1 Rxa1 20.
Rxa1 d6 21. Bf3 Ne5 22. Ra7 Nxf3 23. Nxf3 Kf7 24. Nd4 Ke8 25. Ra8 Kd7 26. Nb5
Re8 27. Kb4 Kc6 28. Na7+ Kc7 29. Nb5+ Kb6 30. Nc3 Kc6 31. Nd5 e6 32. Nf6 Rh8
33. Nxh7 Kc7 34. Nf6 Rf8 35. Nh7 Rh8 36. Nf6 Rxh2 37. Ne8+ Kd7 38. Nxd6 Kxd6
39. Rxc8 Rxg2 40. f4 Re2 41. Rd8+ Kc7 42. Rd3 Rb2+ 43. Kc3 Re2 44. Kd4 Kd6 45.
Rb3 Kc6 46. Ke5 Kc5 47. Kxe6 Kxc4 48. Rxb7 Rxe3+ 49. Kf6 Rf3 50. Kxg6 Rxf4 51.
Rf7 1/2-1/2

[Event "Lazy PERLA BALTYKU"]
[Site "LAZY"]
[Date "2016.06.28"]
[Round "3.14"]
[White "Karpus, Michal"]
[Black "Sciborowski, Miroslaw"]
[Result "1-0"]
[WhiteElo "2179"]
[BlackElo "2003"]
[PlyCount "66"]
[EventDate "2016.??.??"]

1. e4 d5 2. exd5 Qxd5 3. Nc3 Qd8 4. d4 Nf6 5. Nf3 c6 6. Bc4 Bf5 7. Qe2 e6 8.
Be3 Bb4 9. O-O O-O 10. Bb3 Nbd7 11. Ne5 Nxe5 12. dxe5 Ng4 13. Rad1 Qa5 14. Bf4
Bxc3 15. bxc3 Qxc3 16. f3 Nh6 17. g4 Bg6 18. h4 f6 19. h5 Bf7 20. Rd3 Qc5+ 21.
Kh1 fxe5 22. Bxe5 Rad8 23. Rg1 Qe7 24. Qh2 Rxd3 25. cxd3 Rd8 26. g5 Nf5 27. Bf6
Qd7 28. Bxd8 Qxd3 29. Bb6 Qxf3+ 30. Rg2 e5 31. Qxe5 Qxh5+ 32. Rh2 Qf3+ 33. Kg1
Qg4+ 1-0

[Event "Lazy PERLA BALTYKU"]
[Site "LAZY"]
[Date "2016.06.28"]
[Round "3.15"]
[White "Nowak, Maciej"]
[Black "Kubicka, Anna"]
[Result "0-1"]
[WhiteElo "2007"]
[BlackElo "2171"]
[PlyCount "118"]
[EventDate "2016.??.??"]

1. d4 Nf6 2. c4 g6 3. Nc3 Bg7 4. e4 d6 5. Nf3 O-O 6. Be2 e5 7. O-O Nc6 8. d5
Ne7 9. Ne1 Nd7 10. Be3 f5 11. f3 f4 12. Bf2 g5 13. Rc1 h5 14. b4 a5 15. a3 axb4
16. axb4 b6 17. c5 bxc5 18. bxc5 Nf6 19. Nb5 g4 20. Qb3 gxf3 21. gxf3 Ne8 22.
Ng2 Ng6 23. Kh1 Kh7 24. Ra1 Rxa1 25. Rxa1 Bh3 26. Qc3 Rg8 27. Qa5 dxc5 28. Bxc5
Nh4 29. Nxh4 Qxh4 30. Rg1 Bf8 31. Ba7 c5 32. dxc6 Rxg1+ 33. Kxg1 Qg5+ 34. Kf2
Qg2+ 35. Ke1 Qh1+ 36. Kd2 Qb1 37. Qa4 Bb4+ 38. Nc3 Qb2+ 39. Qc2 Bxc3+ 40. Kd3
Qxc2+ 41. Kxc2 Ba5 42. Kb3 Bc7 43. Kc4 Kg7 44. Bc5 Kf7 45. Kb5 Be6 46. Ka6 Bc8+
47. Ka7 Bd6 48. Bb6 Ke7 49. Bc4 Nc7 50. Kb8 Nd5+ 51. Ka7 Nxb6 52. Kxb6 Kd8 53.
Bf7 h4 54. Bc4 Bc7+ 55. Ka7 Ke7 56. Bb5 Kd6 57. Ba4 Kc5 58. Ka8 Kb4 59. Bd1 Kb5
0-1

[Event "Lazy PERLA BALTYKU"]
[Site "LAZY"]
[Date "2016.06.28"]
[Round "3.16"]
[White "Kokoszczynski, Jan"]
[Black "Krainski, Slawomir"]
[Result "0-1"]
[WhiteElo "1921"]
[BlackElo "2146"]
[PlyCount "84"]
[EventDate "2016.??.??"]

1. e4 e5 2. Nf3 Nc6 3. Bc4 Nf6 4. Ng5 d5 5. exd5 Na5 6. Bb5+ c6 7. dxc6 bxc6 8.
Be2 h6 9. Nh3 g5 10. d3 g4 11. Ng1 Qd5 12. Bf1 Bg7 13. Nc3 Qd6 14. Nge2 O-O 15.
Be3 Nd5 16. Ne4 Qg6 17. Bc5 Rd8 18. Qd2 Nb7 19. Ba3 f5 20. Nc5 h5 21. c4 Bh6
22. Qc2 Nf6 23. Nc3 Nxc5 24. Bxc5 Be6 25. Be2 f4 26. Be7 Rd7 27. Bxf6 Qxf6 28.
Ne4 Qf8 29. f3 Bf5 30. O-O-O Rad8 31. Qa4 Bxe4 32. dxe4 Qc5 33. Qc2 Qe3+ 34.
Kb1 Rd2 35. Rhe1 Qxe2 36. Rxe2 Rxd1+ 37. Qxd1 Rxd1+ 38. Kc2 Rf1 39. b4 gxf3 40.
gxf3 Rxf3 41. c5 Ra3 42. Kb2 Rd3 0-1

[Event "Lazy PERLA BALTYKU"]
[Site "LAZY"]
[Date "2016.06.28"]
[Round "3.17"]
[White "Szpar, Milosz"]
[Black "Smieszek, Wojciech"]
[Result "1/2-1/2"]
[WhiteElo "1943"]
[BlackElo "2137"]
[PlyCount "139"]
[EventDate "2016.??.??"]

1. e4 Nf6 2. e5 Nd5 3. d4 Nb6 4. Nf3 d5 5. exd6 cxd6 6. Nc3 g6 7. Be2 Bg7 8.
O-O O-O 9. Be3 Nc6 10. d5 Ne5 11. Nxe5 dxe5 12. Qd2 Bf5 13. a4 a5 14. Rfd1 Rc8
15. Rac1 Nc4 16. Bxc4 Rxc4 17. b3 Rc8 18. Nb5 Bd7 19. Na3 f5 20. Bg5 Qe8 21. d6
exd6 22. Nc4 Rxc4 23. bxc4 Bc6 24. Qxd6 Qf7 25. Qc5 f4 26. Rd8 Qf5 27. Be7 Rxd8
28. Bxd8 Bf8 29. Be7 Qe4 30. Kf1 Qxg2+ 31. Ke1 Qe4+ 32. Kd2 Bxe7 33. Qxe7 Qd4+
34. Ke1 Qc3+ 35. Kf1 Qxc4+ 36. Ke1 Qc3+ 37. Kf1 Qc4+ 38. Ke1 Qe4+ 39. Kd2 Qd5+
40. Ke1 f3 41. Rd1 Qe4+ 42. Kd2 Bxa4 43. Qc5 b6 44. Qc7 Qf4+ 45. Ke1 Qb4+ 46.
Rd2 Bb5 47. Qxe5 Be2 48. Qb8+ Kg7 49. Qe5+ Kh6 50. Qe3+ Kh5 51. Qb3 Qxb3 52.
cxb3 b5 53. Rd7 h6 54. Ra7 g5 55. Rxa5 Kg4 56. Ra6 h5 57. Rh6 h4 58. Rg6 Kh3
59. Rxg5 Kxh2 60. b4 Bd3 61. Rg4 h3 62. Rg3 Be2 63. Rg4 Kh1 64. Rg5 h2 65. Rg3
Bc4 66. Rxf3 Bd5 67. Rf5 Kg2 68. Rg5+ Kf3 69. Rh5 Kg2 70. Rg5+ 1/2-1/2

[Event "Lazy PERLA BALTYKU"]
[Site "LAZY"]
[Date "2016.06.28"]
[Round "3.18"]
[White "Kowalski, Igor"]
[Black "Franckowski, Janusz"]
[Result "1/2-1/2"]
[WhiteElo "2131"]
[BlackElo "2001"]
[PlyCount "74"]
[EventDate "2016.??.??"]

1. e4 e5 2. Nf3 Nc6 3. Bc4 Bc5 4. c3 Nf6 5. d3 d6 6. O-O h6 7. Nbd2 Be6 8. Bb5
O-O 9. h3 a6 10. Ba4 b5 11. Bc2 Qd7 12. Re1 Nh7 13. Nf1 Bb6 14. Ng3 Rae8 15.
Nh4 Ne7 16. d4 g5 17. Nf3 f6 18. a4 Kh8 19. Bd3 c6 20. Qe2 Rb8 21. Be3 Ng6 22.
d5 cxd5 23. exd5 Bf7 24. axb5 Nf4 25. Bxf4 gxf4 26. Nf5 axb5 27. Nxh6 Bh5 28.
Nxe5 Bxe2 29. Nxd7 Bxd3 30. Nxb8 Rxb8 31. Re7 Ng5 32. Rae1 f5 33. Rd1 Bc2 34.
Rd2 Bb1 35. Rd1 Bc2 36. Rd2 Bb1 37. Rd1 Bc2 1/2-1/2

[Event "Lazy PERLA BALTYKU"]
[Site "LAZY"]
[Date "2016.06.28"]
[Round "3.19"]
[White "Dombrowski, Bartosz"]
[Black "Budrewicz, Krzysztof"]
[Result "0-1"]
[WhiteElo "1913"]
[BlackElo "2217"]
[PlyCount "94"]
[EventDate "2016.??.??"]

1. e4 c5 2. Nf3 d6 3. d4 cxd4 4. Nxd4 Nf6 5. Nc3 a6 6. Be2 e5 7. Nb3 Be6 8. O-O
Be7 9. a4 O-O 10. Be3 Nbd7 11. a5 Rc8 12. f3 Qc7 13. Qd2 Rfd8 14. Rfd1 Nc5 15.
Nd5 Bxd5 16. exd5 Nxb3 17. cxb3 Qc2 18. Bb6 Re8 19. Bc4 Qxd2 20. Rxd2 e4 21.
fxe4 Nxe4 22. Re2 Nc5 23. b4 Nd7 24. b3 Nxb6 25. axb6 Bf6 26. Rae1 Bd4+ 27. Kf1
Rxe2 28. Rxe2 Kf8 29. b5 a5 30. Re4 Bxb6 31. g4 Bd8 32. Ke2 Bf6 33. Kf3 g6 34.
h3 h6 35. Ke3 Be5 36. Kd3 Ra8 37. Re2 Ke7 38. Rf2 b6 39. Re2 Rh8 40. Ke4 h5 41.
Rc2 hxg4 42. hxg4 Rh4 43. Kf3 Rh3+ 44. Ke4 Kf6 45. Rf2+ Kg7 46. Rg2 Rc3 47. Rd2
a4 0-1

[Event "Lazy PERLA BALTYKU"]
[Site "LAZY"]
[Date "2016.06.28"]
[Round "3.20"]
[White "Mazalon, Mariusz"]
[Black "Wisniewski, Jacek"]
[Result "1/2-1/2"]
[WhiteElo "2083"]
[BlackElo "1989"]
[PlyCount "58"]
[EventDate "2016.??.??"]

1. d4 d5 2. Nf3 Nc6 3. Bf4 Bg4 4. e3 f6 5. Be2 Bxf3 6. Bxf3 e5 7. Bg3 e4 8. Be2
Bd6 9. c4 Bxg3 10. hxg3 f5 11. cxd5 Qxd5 12. Nc3 Qa5 13. a3 Nce7 14. g4 Nf6 15.
b4 Qb6 16. gxf5 Nxf5 17. g4 Ne7 18. g5 Nfd5 19. Nxe4 O-O 20. Bd3 Nf5 21. Qg4
Rae8 22. Bc4 Qc6 23. Nf6+ Rxf6 24. gxf6 Qxc4 25. Qxf5 Nxf6 26. Qc5 Qd3 27. Rh3
c6 28. Rc1 Nd5 29. Qc2 Nf4 1/2-1/2

[Event "Lazy PERLA BALTYKU"]
[Site "LAZY"]
[Date "2016.06.28"]
[Round "3.21"]
[White "Dmochowska, Agnieszka"]
[Black "Kozak, Antoni"]
[Result "1-0"]
[WhiteElo "2059"]
[BlackElo "1981"]
[PlyCount "49"]
[EventDate "2016.??.??"]

1. e4 e5 2. Nf3 Nc6 3. Bb5 f5 4. d3 fxe4 5. dxe4 Nf6 6. Bg5 Be7 7. Nc3 d6 8.
Bc4 Na5 9. Qe2 Nxc4 10. Qxc4 Qd7 11. O-O Qc6 12. Qb3 Bg4 13. Nd2 Bh5 14. Nd5
Nxd5 15. exd5 Qb6 16. Qa4+ c6 17. Bxe7 Be2 18. Rfe1 Bb5 19. Qh4 cxd5 20. c4
Bxc4 21. Nxc4 dxc4 22. Rad1 Qxb2 23. Bxd6 Kf7 24. Qe7+ Kg8 25. Qe6# 1-0

[Event "Lazy PERLA BALTYKU"]
[Site "LAZY"]
[Date "2016.06.28"]
[Round "3.22"]
[White "Lebiedowicz, Borys"]
[Black "Konieczynski, Piotr"]
[Result "1-0"]
[WhiteElo "2002"]
[BlackElo "1973"]
[PlyCount "69"]
[EventDate "2016.??.??"]

1. e4 c6 2. d4 d5 3. Nc3 dxe4 4. Nxe4 Bf5 5. Ng3 Bg6 6. Nh3 e6 7. Nf4 Qh4 8.
Bc4 Nf6 9. O-O Bd6 10. Nh3 h6 11. c3 Nh5 12. Qb3 Qe7 13. Re1 Bxg3 14. fxg3 O-O
15. g4 b5 16. Be2 Nf6 17. g5 hxg5 18. Bxg5 Nbd7 19. Nf4 Bf5 20. Bf3 Qd6 21. Nh5
Nxh5 22. Bxh5 Qd5 23. Bf3 Qxb3 24. axb3 Rfc8 25. Ra6 Nb6 26. Rea1 Bc2 27. b4
Ba4 28. Be7 Nc4 29. Bxc6 Rab8 30. Bc5 Nb6 31. Bf3 Rd8 32. Rxa7 Nc4 33. Rf1 Nxb2
34. Bh5 g6 35. Rfxf7 1-0

[Event "Lazy PERLA BALTYKU"]
[Site "LAZY"]
[Date "2016.06.28"]
[Round "3.23"]
[White "Kicinski, Jacek"]
[Black "Katafiasz, Tomasz"]
[Result "1-0"]
[WhiteElo "1998"]
[BlackElo "1888"]
[PlyCount "73"]
[EventDate "2016.??.??"]

1. d4 Nf6 2. c4 g6 3. g3 Bg7 4. Bg2 O-O 5. Nc3 c6 6. e4 d6 7. Nge2 e5 8. O-O
Nbd7 9. h3 a6 10. Be3 b5 11. c5 exd4 12. Nxd4 Bb7 13. cxd6 Re8 14. Nb3 b4 15.
Na4 a5 16. Qc2 Ba6 17. Rfd1 Bb5 18. Nbc5 Nxc5 19. Nxc5 Nd7 20. Bd4 Bxd4 21.
Rxd4 Qb6 22. Rc1 Rad8 23. Rd2 Qa7 24. Kh2 a4 25. f4 f6 26. b3 Nb6 27. bxa4 Nxa4
28. Qb3+ Kh8 29. Qxb4 Nxc5 30. Qxc5 Qg7 31. Re1 g5 32. fxg5 fxg5 33. e5 g4 34.
h4 Qh6 35. Rd4 Ra8 36. d7 Red8 37. e6 1-0

[Event "Lazy PERLA BALTYKU"]
[Site "LAZY"]
[Date "2016.06.28"]
[Round "3.24"]
[White "Jedrocha, Katarzyna"]
[Black "Godzwon, Iwo"]
[Result "1/2-1/2"]
[WhiteElo "1948"]
[BlackElo "1884"]
[PlyCount "101"]
[EventDate "2016.??.??"]

1. e4 c5 2. Nf3 g6 3. c4 Nc6 4. d4 cxd4 5. Nxd4 Bg7 6. Be3 Nf6 7. Nc3 Ng4 8.
Qxg4 Nxd4 9. Qd1 Ne6 10. Qd2 b6 11. Be2 Bb7 12. f3 Rc8 13. Rc1 a5 14. O-O O-O
15. Rfd1 Bc6 16. b3 Nc5 17. Nd5 e6 18. Nc3 f5 19. Bg5 Qe8 20. exf5 gxf5 21. Bh6
Rf7 22. Bf1 Bxh6 23. Qxh6 Rg7 24. Kh1 Rg6 25. Qe3 Qd8 26. Rd4 Qg5 27. Qxg5 Rxg5
28. Re1 Kh8 29. Re3 Rcg8 30. Ne2 Kg7 31. a3 e5 32. Rxe5 Nxb3 33. Rd3 Nc5 34.
Rde3 Kf6 35. Nd4 h6 36. Nxc6 dxc6 37. Re7 R5g7 38. Rxg7 Rxg7 39. Kg1 Re7 40.
Rxe7 Kxe7 41. Kf2 Kf6 42. Ke3 Ke5 43. g3 Ne6 44. f4+ Kd6 45. Bd3 Ng7 46. h3 h5
47. Kd4 Ne6+ 48. Ke3 Ng7 49. Kd4 Ne6+ 50. Ke3 Ng7 51. Kd4 1/2-1/2

[Event "Lazy PERLA BALTYKU"]
[Site "LAZY"]
[Date "2016.06.28"]
[Round "3.25"]
[White "Marczuk, Anna"]
[Black "Korpalski, Maciej"]
[Result "0-1"]
[WhiteElo "1931"]
[BlackElo "1968"]
[PlyCount "102"]
[EventDate "2016.??.??"]

1. e4 c5 2. Nf3 d6 3. d4 cxd4 4. Nxd4 Nf6 5. Nc3 a6 6. f3 e6 7. Be3 b5 8. Qd2
Nbd7 9. g4 Nb6 10. Bd3 Bb7 11. g5 Nfd7 12. h4 b4 13. Nce2 d5 14. exd5 Bxd5 15.
Rf1 Ne5 16. b3 Bd6 17. O-O-O Bb7 18. f4 Nxd3+ 19. Qxd3 Nd5 20. Bd2 O-O 21. h5
a5 22. Kb1 a4 23. Rc1 Qa5 24. Rce1 Ba6 25. Qh3 Bxe2 26. Nxe2 axb3 27. Qxb3 Rfb8
28. Nc1 Bc5 29. g6 Nc3+ 30. Ka1 Bd4 31. gxf7+ Kf8 32. Bxc3 Bxc3+ 33. Kb1 Bxe1
34. Rxe1 Qxh5 35. Qxe6 Qxf7 36. Qd6+ Kg8 37. Re7 Qf5 38. Re5 Qf8 39. Qd5+ Qf7
40. Qd6 Rd8 41. Qc5 Qxf4 42. Re1 Rac8 43. Qb6 Qc4 44. Qf2 Qf7 45. Qg2 h5 46.
Rf1 Qd5 47. Qg6 Rc6 48. Qg3 Qc4 49. Rf2 h4 50. Qg2 Rh6 51. Qg4 Qd5 0-1

[Event "Lazy PERLA BALTYKU"]
[Site "Lazy"]
[Date "2016.06.29"]
[Round "4.1"]
[White "Jarmula, Lukasz"]
[Black "Stupak, Kirill"]
[Result "0-1"]
[WhiteElo "2447"]
[BlackElo "2555"]
[PlyCount "144"]
[EventDate "2016.??.??"]

1. e4 e6 2. d4 d5 3. Nc3 Bb4 4. e5 c5 5. a3 Bxc3+ 6. bxc3 Qa5 7. Bd2 Qa4 8. Qg4
Kf8 9. Qd1 b6 10. dxc5 bxc5 11. Nf3 Ba6 12. Bxa6 Qxa6 13. Be3 Nd7 14. Qd3 Qxd3
15. cxd3 Ne7 16. Rb1 Ke8 17. Kd2 h6 18. Rb7 Nc6 19. h4 a6 20. Kc2 Na5 21. Rbb1
Rc8 22. h5 Ke7 23. Rh4 c4 24. Rg4 cxd3+ 25. Kxd3 Rhg8 26. Ra4 Nc4 27. Rxa6 Ra8
28. Rxa8 Rxa8 29. Rb7 Nxe3 30. Kxe3 Rxa3 31. Rc7 Kd8 32. Rc6 Ra4 33. c4 dxc4
34. Kd4 Ra2 35. Ke3 Ra5 36. Rxc4 Nxe5 37. Rd4+ Ke7 38. Nd2 Nc6 39. Rc4 Re5+ 40.
Kd3 Rd5+ 41. Ke3 Ne5 42. Ra4 f5 43. f3 Kf6 44. Ra7 Rc5 45. Ra1 Rc3+ 46. Ke2 Nd3
47. Ra4 Ne5 48. Ra1 Rc2 49. Ra4 Rc1 50. Ra6 Rc6 51. Ra4 Rc3 52. Ra6 Nd3 53. Ra4
Nc5 54. Ra8 Nb3 55. Nxb3 Rxb3 56. f4 Rb1 57. Kf3 Rh1 58. g3 Rxh5 59. Kg2 g5 60.
Rf8+ Kg7 61. Re8 Kf7 62. Rh8 g4 63. Rh7+ Kg6 64. Re7 Kf6 65. Re8 Rh3 66. Rf8+
Kg7 67. Re8 Kf7 68. Rh8 h5 69. Rh6 h4 70. gxh4 Rf3 71. h5 Rxf4 72. Rh7+ Kf6 0-1

[Event "Lazy PERLA BALTYKU"]
[Site "Lazy"]
[Date "2016.06.29"]
[Round "4.2"]
[White "Shishkin, Vadim"]
[Black "Mielczarski, Miroslaw"]
[Result "1-0"]
[WhiteElo "2459"]
[BlackElo "2107"]
[PlyCount "59"]
[EventDate "2016.??.??"]

1. d4 Nf6 2. c4 c5 3. d5 e6 4. Nc3 exd5 5. cxd5 d6 6. Nf3 g6 7. Bf4 a6 8. a4
Bg7 9. h3 O-O 10. e3 Qc7 11. Be2 Re8 12. O-O Nbd7 13. Nd2 Ne5 14. Bg3 Qe7 15.
f4 Nd3 16. e4 Nb4 17. Bf3 Nd7 18. Nc4 f6 19. a5 Rb8 20. Na4 g5 21. fxg5 Ne5 22.
Bxe5 fxe5 23. Nab6 Rf8 24. Qd2 Rf4 25. g3 Bxh3 26. gxf4 Bxf1 27. Rxf1 exf4 28.
Bg2 Bd4+ 29. Kh1 Qxg5 30. Qxf4 1-0